| 000 | 00489nam a2200181Ia 4500 | ||
|---|---|---|---|
| 001 | 28265 | ||
| 003 | IN-NITTTR | ||
| 005 | 20251114233350.0 | ||
| 008 | 251113s9999||||xx |||||||||||||| ||eng|| | ||
| 040 | _beng | ||
| 040 | _cIN-NITTTR | ||
| 041 | _aeng | ||
| 082 | _a333.9539 A43P | ||
| 100 | _aAdholeya, Alok | ||
| 245 | 0 |
_aProduction and technology of bio-diesel : _b seeding a change / _cAdholeya, Alok, Dadhich, Pradeep Kumar |
|
| 700 | _a Dadhich, Pradeep Kumar | ||
| 942 |
_2ddc _cBK |
||
| 999 |
_c30893 _d30893 |
||